Biochemistry and clinical pathology (Record no. 8256)
[ view plain ]
| 000 -LEADER | |
|---|---|
| fixed length control field | 00361nam a2200133Ia 4500 |
| 008 - FIXED-LENGTH DATA ELEMENTS--GENERAL INFORMATION | |
| fixed length control field | 191201s2018 xx 000 0 und d |
| 082 ## - DEWEY DECIMAL CLASSIFICATION NUMBER | |
| Classification number | 572.3 MAB |
| 100 ## - MAIN ENTRY--PERSONAL NAME | |
| Personal name | MAHURKAR, Nitin |
| 245 #0 - TITLE STATEMENT | |
| Title | Biochemistry and clinical pathology |
| 260 ## - PUBLICATION, DISTRIBUTION, ETC. (IMPRINT) | |
| Name of publisher, distributor, etc | Birla Pub |
| Place of publication, distribution, etc | New delhi |
| Date of publication, distribution, etc | 2018 |
| 300 ## - PHYSICAL DESCRIPTION | |
| Extent | 192 |
| 650 ## - SUBJECT ADDED ENTRY--TOPICAL TERM | |
| Topical term or geographic name as entry element | Applied Biochemistry & Clinical Chemistry |
| 942 ## - ADDED ENTRY ELEMENTS (KOHA) | |
| Source of classification or shelving scheme | Dewey Decimal Classification |
| Koha item type | Text Books |
| Withdrawn status | Lost status | Source of classification or shelving scheme | Damaged status | Not for loan | Collection code | Home library | Current library | Date acquired | Source of acquisition | Cost, normal purchase price | Bill Number | Total Checkouts | Full call number | Acc. no. / Barcode | Date last seen | Date last borrowed | Actual Cost, discounted price | Bill Date | Koha item type | Checked out |
|---|---|---|---|---|---|---|---|---|---|---|---|---|---|---|---|---|---|---|---|---|
| Dewey Decimal Classification | Diploma in Pharmacy | PIET C-LIBRARY | PIET C-LIBRARY | 26/03/2019 | Kirti Prakashan | 200.00 | IN 3105 | 3 | 572.3 MAB | DP235 | 04/06/2026 | 02/06/2026 | 134.00 | 12/03/2019 | Text Books | |||||
| Dewey Decimal Classification | Diploma in Pharmacy | PIET C-LIBRARY | PIET C-LIBRARY | 26/03/2019 | Kirti Prakashan | 200.00 | IN 3105 | 1 | 572.3 MAB | DP236 | 08/10/2021 | 08/10/2021 | 134.00 | 12/03/2019 | Text Books | 22/10/2021 | ||||
| Dewey Decimal Classification | Diploma in Pharmacy | PIET C-LIBRARY | PIET C-LIBRARY | 26/03/2019 | Kirti Prakashan | 200.00 | IN 3105 | 572.3 MAB | DP237 | 04/12/2019 | 134.00 | 12/03/2019 | Reference Books | |||||||
| Dewey Decimal Classification | Diploma in Pharmacy | PIET C-LIBRARY | PIET C-LIBRARY | 26/03/2019 | Kirti Prakashan | 200.00 | IN 3105 | 572.3 MAB | DP238 | 04/12/2019 | 134.00 | 12/03/2019 | Text Books |